Open government data review of Poland unlocking the value of government data
Guardado en:
| Formato: | Libro |
|---|---|
| Lenguaje: | inglés |
| Publicado: |
Paris
OECD
2015
|
| Colección: | OECD digital government studies
|
| Materias: | |
| Etiquetas: |
Sin Etiquetas, Sea el primero en etiquetar este registro!
|
MARC
| LEADER | 00000nam a2200000 4500 | ||
|---|---|---|---|
| 001 | 0214851 | ||
| 005 | 20240314123359.9 | ||
| 020 | |a 978-92-64-24177-0 | ||
| 041 | 0 | |a eng | |
| 044 | |a FR | ||
| 245 | 1 | 0 | |a Open government data review of Poland |b unlocking the value of government data |
| 264 | 1 | |a Paris |b OECD |c 2015 | |
| 300 | |a 128 s. | ||
| 490 | 1 | |a OECD digital government studies | |
| 830 | 0 | |a OECD digital government studies | |
| 610 | 2 | 0 | |a vláda |
| 610 | 2 | 0 | |a politika |
| 610 | 2 | 0 | |a inštitúcie verejnoprávne |
| 610 | 2 | 0 | |a ministerstvá |
| 610 | 2 | 0 | |a modely |
| 610 | 2 | 0 | |a nástroje riadenia |
| 610 | 2 | 0 | |a Poľsko |